Statystyki dla Pokémon Generacja Pierwsza- Wypisz 151 Pierwszych Pokemonów!

Kliknij tutaj aby rozwiązać quiz!

Ogólne statystyki

  • Ten quiz został rozwiązany 4 203 razy
    (4 200 od ostatniego zresetowania)
  • Średni wynik to 83 z 151

Statystyki odpowiedzi

LpPokémon% Poprawnych
1Bulbasaur
94%
4Charmander
94%
6Charizard
93%
25Pikachu
91%
7Squirtle
87%
26Raichu
86%
9Blastoise
84%
151Mew
84%
5Charmeleon
83%
2Ivysaur
81%
10Caterpie
80%
14Kakuna
79%
11Metapod
78%
150Mewtwo
78%
3Venusaur
78%
16Pidgey
77%
13Weedle
77%
18Pidgeot
74%
15Beedrill
73%
19Rattata
73%
144Articuno
71%
146Moltres
71%
17Pidgeotto
71%
145Zapdos
71%
149Dragonite
70%
133Eevee
70%
129Magikarp
70%
8Wartortle
70%
12Butterfree
69%
94Gengar
69%
74Geodude
69%
76Golem
69%
147Dratini
68%
93Haunter
68%
20Raticate
68%
92Gastly
67%
23Ekans
66%
24Arbok
65%
95Onix
65%
63Abra
64%
148Dragonair
64%
21Spearow
64%
65Alakazam
63%
64Kadabra
63%
43Oddish
62%
143Snorlax
62%
22Fearow
61%
136Flareon
61%
75Graveler
61%
134Vaporeon
61%
135Jolteon
60%
130Gyarados
59%
39Jigglypuff
59%
121Starmi
59%
44Gloom
58%
68Machamp
57%
34Nidoking
57%
32Nidoran♂
57%
29Nidoran♀
57%
120Staryu
57%
109Koffing
56%
131Lapras
56%
126Magmar
56%
31Nidoqueen
56%
33Nidorino
56%
37Vulpix
56%
59Arcanine
55%
50Diglett
55%
67Machoke
55%
66Machop
55%
30Nidorina
55%
69Bellsprout
54%
77Ponyta
54%
54Psyduck
54%
35Clefairy
53%
51Dugtrio
53%
125Electabuzz
53%
58Growlithe
53%
38Ninetales
53%
53Persian
53%
110Weezing
53%
52Meowth
52%
41Zubat
52%
81Magnemite
51%
78Rapidash
51%
36Clefable
50%
55Golduck
50%
100Voltorb
50%
42Golbat
49%
56Mankey
49%
128Tauros
49%
40Wigglytuff
49%
118Goldeen
48%
82Magneton
48%
122Mr. Mime
48%
89Muk
48%
101Electrode
47%
140Kabuto
47%
107Hitmonchan
46%
106Hitmonlee
46%
27Sandshrew
46%
28Sandslash
46%
71Victreebel
46%
60Poliwag
45%
119Seaking
45%
45Vileplume
45%
88Grimer
44%
97Hypno
44%
141Kabutops
44%
123Scyther
44%
96Drowzee
43%
116Horsea
43%
124Jynx
43%
49Venomoth
43%
48Venonat
43%
115Kangaskhan
42%
46Paras
42%
70Weepinbell
42%
61Poliwhirl
41%
57Primeape
41%
112Rhydon
41%
111Rhyhorn
41%
86Seel
41%
72Tentacool
41%
73Tentacruel
41%
142Aerodactyl
40%
84Doduo
40%
47Parasect
40%
113Chansey
39%
138Omanyte
39%
139Omastar
39%
62Poliwrath
39%
117Seadra
39%
132Ditto
38%
104Cubone
37%
79Slowpoke
37%
85Dodrio
36%
105Marowak
36%
80Slowbro
36%
87Dewgong
35%
114Tangela
35%
127Pinsir
34%
91Cloyster
33%
83Farfetch'd
33%
98Krabby
33%
90Shellder
32%
99Kingler
31%
103Exeggutor
30%
137Porygon
29%
108Lickitung
28%
102Exeggcute
27%

Rozkład punktacji

Percentyl według liczby udzielonych odpowiedzi

Procent ludzi z każdym wynikiem

Twoja historia wyników

Nie rozwiązałeś tego quizu od ostatniego zresetowania